000 00855nam0a22002411 4500
001 rc\2626693
005 20250623144040.0
035 _a(NLR Aleph) 006790246
090 _a6136292
_c6136292
100 _a20110914d1931 |||y0rusy50 ca
101 0 _arus
102 _aRU
105 _ay z |||||
200 1 _aСоцсоревнование и ударничество в торговом аппарате
_fИ. Цитрон
210 _aМосква
_aЛенинград
_cГос. торг. изд-во
_d1931
_eМосква
_gтип. "Советское законодательство"
215 _a37 с., 3 с. объявл.
_d21х15 см.
700 1 _aЦитрон
_bИ.Г.
_gИсаак Григорьевич
801 0 _aRU
_bNLR
_gpsbo
801 1 _aRU
_bELAR
_2rusmarc
852 _aNLR
_j31-10/892
942 _cBOOK
980 _aNB